<?xml version="1.0" encoding="UTF-8"?>
<record
    xmlns:xsi="http://www.w3.org/2001/XMLSchema-instance"
    xsi:schemaLocation="http://www.loc.gov/MARC21/slim http://www.loc.gov/standards/marcxml/schema/MARC21slim.xsd"
    xmlns="http://www.loc.gov/MARC21/slim">

  <leader>01038nam a2200217Ia 4500</leader>
  <datafield tag="999" ind1=" " ind2=" ">
    <subfield code="c">38364</subfield>
    <subfield code="d">38364</subfield>
  </datafield>
  <controlfield tag="001">4374</controlfield>
  <controlfield tag="003">GE_BSU</controlfield>
  <controlfield tag="005">20190516200520.0</controlfield>
  <controlfield tag="008">181216s1982||||   |||||||||||||| ||geo||</controlfield>
  <datafield tag="040" ind1=" " ind2=" ">
    <subfield code="c">GE_BSU</subfield>
  </datafield>
  <datafield tag="041" ind1=" " ind2=" ">
    <subfield code="a">geo</subfield>
  </datafield>
  <datafield tag="080" ind1=" " ind2=" ">
    <subfield code="a">532+ 621.22(072) &#x10D0;&#x2013;55</subfield>
  </datafield>
  <datafield tag="100" ind1=" " ind2=" ">
    <subfield code="a">&#x10D0;&#x10DB;&#x10D0;&#x10E6;&#x10DA;&#x10DD;&#x10D1;&#x10D4;&#x10DA;&#x10D8;,&#x10D8;.</subfield>
    <subfield code="9">1276</subfield>
  </datafield>
  <datafield tag="245" ind1=" " ind2=" ">
    <subfield code="a">&#x10F0;&#x10D8;&#x10D3;&#x10E0;&#x10D0;&#x10D5;&#x10DA;&#x10D8;&#x10D9;&#x10D0;, &#x10F0;&#x10D8;&#x10D3;&#x10E0;&#x10D0;&#x10D5;&#x10DA;&#x10D8;&#x10D9;&#x10E3;&#x10E0;&#x10D8; &#x10DB;&#x10D0;&#x10DC;&#x10E5;&#x10D0;&#x10DC;&#x10D4;&#x10D1;&#x10D8; &#x10D3;&#x10D0; &#x10F0;&#x10D8;&#x10D3;&#x10E0;&#x10DD;&#x10D0;&#x10DB;&#x10EB;&#x10E0;&#x10D0;&#x10D5;&#x10D4;&#x10D1;&#x10D8;&#x10E1; &#x10E1;&#x10D0;&#x10E4;&#x10E3;&#x10EB;&#x10D5;&#x10DA;&#x10D4;&#x10D1;&#x10D8; : &#x10E1;&#x10D0;&#x10EE;&#x10D4;&#x10DA;&#x10DB;&#x10EB;&#x10E6;&#x10D5;.  /</subfield>
    <subfield code="c">&#x10D8;. &#x10D0;&#x10DB;&#x10D0;&#x10E6;&#x10DA;&#x10DD;&#x10D1;&#x10D4;&#x10DA;&#x10D8; ; &#x10E0;&#x10D4;&#x10D3; :  &#x10DD;. &#x10D7;&#x10D5;&#x10D0;&#x10DA;&#x10D0;&#x10D5;&#x10D0;&#x10EB;&#x10D4; .</subfield>
  </datafield>
  <datafield tag="264" ind1=" " ind2=" ">
    <subfield code="a">&#x10D7;&#x10D1;&#x10D8;&#x10DA;&#x10D8;&#x10E1;&#x10D8;  .:</subfield>
    <subfield code="b">&#x10D2;&#x10D0;&#x10DC;&#x10D0;&#x10D7;&#x10DA;&#x10D4;&#x10D1;&#x10D0;,</subfield>
    <subfield code="c">1982.</subfield>
  </datafield>
  <datafield tag="300" ind1=" " ind2=" ">
    <subfield code="a">415 &#x10D2;&#x10D5; .: </subfield>
    <subfield code="c">21 &#x10E1;&#x10DB;.</subfield>
  </datafield>
  <datafield tag="653" ind1=" " ind2=" ">
    <subfield code="a">&#x10F0;&#x10D8;&#x10D3;&#x10E0;&#x10D0;&#x10D5;&#x10DA;&#x10D8;&#x10D9;&#x10D0; </subfield>
  </datafield>
  <datafield tag="653" ind1=" " ind2=" ">
    <subfield code="a">&#x10F0;&#x10D8;&#x10D3;&#x10E0;&#x10D0;&#x10D5;&#x10DA;&#x10D8;&#x10D9;&#x10E3;&#x10E0;&#x10D8; &#x10DB;&#x10D0;&#x10DC;&#x10E5;&#x10D0;&#x10DC;&#x10D4;&#x10D1;&#x10D8;; &#x10F0;&#x10D8;&#x10D3;&#x10E0;&#x10DD;&#x10D0;&#x10DB;&#x10EB;&#x10E0;&#x10D0;&#x10D5;&#x10D4;&#x10D1;&#x10D8;</subfield>
  </datafield>
  <datafield tag="700" ind1=" " ind2=" ">
    <subfield code="a">&#x10D7;&#x10D5;&#x10D0;&#x10DA;&#x10D0;&#x10D5;&#x10D0;&#x10EB;&#x10D4;,  &#x10D8;</subfield>
    <subfield code="e">&#x10E0;&#x10D4;&#x10D3;&#x10D0;&#x10E5;&#x10E2;&#x10DD;&#x10E0;&#x10D8;</subfield>
    <subfield code="9">1277</subfield>
  </datafield>
  <datafield tag="942" ind1=" " ind2=" ">
    <subfield code="c">BK</subfield>
    <subfield code="2">udc</subfield>
  </datafield>
  <datafield tag="952" ind1=" " ind2=" ">
    <subfield code="0">0</subfield>
    <subfield code="1">0</subfield>
    <subfield code="2">udc</subfield>
    <subfield code="4">0</subfield>
    <subfield code="6">532_62122072_&#x10D0;55</subfield>
    <subfield code="7">0</subfield>
    <subfield code="9">39252</subfield>
    <subfield code="a">SPL</subfield>
    <subfield code="b">SPL</subfield>
    <subfield code="c">GEN</subfield>
    <subfield code="d">2018-12-17</subfield>
    <subfield code="g">1.00</subfield>
    <subfield code="o">532+ 621.22(072) &#x10D0;&#x2013;55</subfield>
    <subfield code="p">8645</subfield>
    <subfield code="r">2018-12-17</subfield>
    <subfield code="t">8645</subfield>
    <subfield code="w">2018-12-17</subfield>
    <subfield code="y">BK</subfield>
    <subfield code="z">1 &#x10DA;. 80&#x10D7;.</subfield>
  </datafield>
  <datafield tag="952" ind1=" " ind2=" ">
    <subfield code="0">0</subfield>
    <subfield code="1">0</subfield>
    <subfield code="2">udc</subfield>
    <subfield code="4">0</subfield>
    <subfield code="6">532_62122072_&#x10D0;55</subfield>
    <subfield code="7">0</subfield>
    <subfield code="9">39253</subfield>
    <subfield code="a">SPL</subfield>
    <subfield code="b">SPL</subfield>
    <subfield code="c">GEN</subfield>
    <subfield code="d">2018-12-17</subfield>
    <subfield code="g">1.00</subfield>
    <subfield code="o">532+ 621.22(072) &#x10D0;&#x2013;55</subfield>
    <subfield code="p">8646</subfield>
    <subfield code="r">2018-12-17</subfield>
    <subfield code="t">8646</subfield>
    <subfield code="w">2018-12-17</subfield>
    <subfield code="y">BK</subfield>
    <subfield code="z">1 &#x10DA;. 80&#x10D7;.</subfield>
  </datafield>
  <datafield tag="952" ind1=" " ind2=" ">
    <subfield code="0">0</subfield>
    <subfield code="1">0</subfield>
    <subfield code="2">udc</subfield>
    <subfield code="4">0</subfield>
    <subfield code="6">532_62122072_&#x10D0;55</subfield>
    <subfield code="7">0</subfield>
    <subfield code="9">39254</subfield>
    <subfield code="a">SPL</subfield>
    <subfield code="b">SPL</subfield>
    <subfield code="c">GEN</subfield>
    <subfield code="d">2018-12-17</subfield>
    <subfield code="g">1.00</subfield>
    <subfield code="o">532+ 621.22(072) &#x10D0;&#x2013;55</subfield>
    <subfield code="p">8647</subfield>
    <subfield code="r">2018-12-17</subfield>
    <subfield code="t">8647</subfield>
    <subfield code="w">2018-12-17</subfield>
    <subfield code="y">BK</subfield>
    <subfield code="z"> 1.&#x10DA;. 80&#x10D7;.</subfield>
  </datafield>
</record>
